[Event "FIDE Candidates 2020"]
[Site "Yekaterinburg"]
[Date "2021.04.19"]
[Round "8.1"]
[White "Caruana, Fabiano"]
[Black "Vachier-Lagrave, Maxime"]
[Result "1-0"]
[WhiteElo "2820"]
[BlackElo "2758"]
[Annotator "TA"]
[PlyCount "147"]
[EventDate "2020.03.17"]
[EventType "tourn"]
[EventCountry "RUS"]
[SourceTitle "playchess.com"]
[Source "ChessBase"]
[SourceQuality "1"]

{[%evp 20,147,-22,-18,-18,-29,0,0,0,0,0,0,-23,-37,-46,-37,-21,-140,-97,-137,-47,-41,-35,-37,-34,-29,-38,-46,-50,-39,-47,-35,-45,-25,18,22,23,22,77,83,116,127,114,70,89,85,88,81,99,112,102,87,113,110,111,111,111,106,95,74,140,140,140,140,140,140,160,160,170,170,170,170,170,170,170,170,170,170,170,170,170,169,170,169,170,170,170,170,170,170,170,170,2728,1372,2703,2037,2647,170,170,170,170,170,170,170,170,170,1996,0,160,0,170,0,1443,191,184,170,12833,12835,12840,12822,29940,29946,12593,10531,29960,29960,12832,5303,5065,5065]} 1. e4 c5 2. Nf3 d6 3. d4 cxd4 4. Nxd4 Nf6 5. Nc3 a6 6. Bg5 e6 7. f4 Qb6 8. Qd2 Qxb2 9. Rb1 Qa3 10. e5 h6 11. Bh4 dxe5 {B97: Sicilian Najdorf: Poisoned Pawn.} 12. fxe5 Nfd7 {is currently scoring better than 12...g5.} 13. Ne4 $1 Qxa2 {The position is equal.} 14. Rd1 Qd5 15. Qe3 Qxe5 ({Avoid the trap} 15... Nxe5 $2 16. Nb3 $18) 16. c3 Bc5 {White must now prevent ...f5.} 17. Bg3 Qd5 {[#]} 18. Bc4 $146 ({Predecessor:} 18. Bd6 Bxd6 19. Nb5 Qxd1+ 20. Kxd1 Be5 21. Nbd6+ Ke7 22. Nc4 Rd8 23. Kc2 Bc7 24. Be2 {1-0 (37) Beveridge,C (1963)-Milde,L (2075) ICCF email 2013}) 18... Qxc4 $17 19. Bd6 {[#] Threatens to win with Bxc5.} Nf6 $1 20. Nxc5 $15 Nd5 21. Qe5 {[%cal Re5g7] [#]} Rg8 22. Ndxe6 $1 fxe6 23. Nxe6 Qxc3+ 24. Qxc3 Nxc3 25. Nc7+ {[%mdl 64] Double Attack} Kf7 26. Rd3 Ne4 {And now ...Ra7 would win.} 27. O-O+ Kg6 {Strongly threatening ...Ra7.} 28. Nxa8 Nc6 (28... Rd8 $11 {remains equal.} 29. Nb6 Bf5) 29. Nb6 $16 Rd8 30. Nxc8 Rxc8 31. Ba3 Rc7 32. Rf4 Nf6 33. Bb2 Ne7 34. Bxf6 gxf6 {[%mdl 4096] Endgame KRR-KRN} 35. h4 h5 36. Rg3+ {[%mdl 1024] White has strong compensation.} Kf7 37. Rg5 Rc1+ 38. Kh2 Ng6 39. Rf2 Nxh4 (39... Kg7 $142 40. Rxh5 Ne5) 40. Rxh5 Ng6 41. Rh7+ Ke6 42. Rxb7 {Rb6+ is the strong threat.} Ne5 {Threatening ...Ng4+.} 43. Rb6+ Rc6 44. Rxc6+ Nxc6 $18 {KR-KN} 45. Kg3 Kf7 46. Rc2 Nb4 47. Rd2 Nc6 48. Kf4 Kg6 49. Rd6 Ne5 50. Rxa6 Nf7 51. Ke4 Nh6 52. Ra5 Nf7 53. Ra3 {aiming for Rg3+.} Nd6+ 54. Kf4 Nf5 55. Rd3 Nh6 $2 (55... Ne7 56. Ra3 Nc6 57. Rg3+ Kf7) 56. Rg3+ Kf7 57. Ke4 Ng8 58. Kf5 $2 (58. Rb3 Ne7 59. Ra3) 58... Ne7+ 59. Kf4 Nd5+ 60. Kg4 Kg6 61. Kf3+ Kf7 62. Ke4 Ne7 $2 (62... Nc7 63. Rc3 Ne8) 63. Kf4 $2 (63. Rc3 $18 {has better winning chances.} Ke6 64. Ra3) 63... Nd5+ $1 $16 64. Kf5 Ne7+ 65. Ke4 $2 (65. Kg4) 65... Ng8 $1 $18 66. Rh3 $2 (66. Ra3 Ne7 67. Ra7) 66... Kg6 67. Ra3 Kf7 $2 (67... Ne7 68. Rd3 Nc6) 68. Kf4 Nh6 69. Rg3 Ng8 {[#]} 70. Kg4 $1 Ne7 71. Kh5 Nd5 72. Rf3 Ke6 73. g4 Ke5 74. Kg6 {Weighted Error Value: White=0.21/Black=0.09} 1-0

[Event "FIDE Candidates 2020"]
[Site "Yekaterinburg"]
[Date "2021.04.19"]
[Round "8.2"]
[White "Wang, Hao"]
[Black "Ding, Liren"]
[Result "1/2-1/2"]
[WhiteElo "2763"]
[BlackElo "2791"]
[Annotator "TA"]
[PlyCount "55"]
[EventDate "2020.03.17"]
[EventType "tourn"]
[EventCountry "RUS"]
[SourceTitle "playchess.com"]
[Source "ChessBase"]
[SourceQuality "1"]

{[%evp 17,55,0,0,-8,-3,-23,-15,-14,0,-15,-16,0,0,0,0,0,0,0,0,0,0,0,0,0,0,0,0,0,0,0,0,0,0,0,0,0,0,0,0,0]} 1. e4 e5 2. Nf3 Nc6 3. d4 exd4 4. Nxd4 Nf6 5. Nxc6 bxc6 6. e5 Qe7 7. Qe2 Nd5 8. c4 {8.h4 is the fancy move.} Ba6 9. b3 g6 10. Ba3 {C45: Scotch Game.} Nb4 11. Bb2 $1 Bg7 $1 12. a3 {[#]The position is equal.} Nd5 13. Nd2 {[%cal Bb1d2,Bd2e4,Be4f6][%mdl 32] [#]} O-O $1 14. O-O-O Rfe8 15. Qf3 Nb6 16. Ne4 Bxe5 17. Bxe5 Qxe5 18. Nf6+ {[%mdl 64] Double Attack} Kf8 {...Re6 is the strong threat.} 19. Nxe8 {aiming for Nf6.} Qa1+ {[%mdl 64] Double Attack} 20. Kc2 Qa2+ 21. Kc1 $1 {Strongly threatening Qc3.} Qxa3+ 22. Kb1 {[#]} Na4 $5 $146 {[%csl Ga4][%cal Ra3b2][%mdl 8] New and interesting.} ({Predecessor:} 22... Rb8 23. Qc3 Nxc4 24. Qh8+ Ke7 25. Re1+ Kd8 26. Nd6# {1-0 (28) Sos,F-Bender,Z ICCF email 2016}) 23. Qf6 {[%cal Rf6h8]} Qxb3+ {[%mdl 64] Double Attack} 24. Kc1 {White threatens Qh8+ and mate.} Qa3+ (24... Rxe8 25. Qh8+ Ke7 26. Re1+ Qe3+ 27. Rxe3+ Kd8 28. Rxe8#) 25. Kc2 Qa2+ {[%mdl 64] Double Attack} ({Weaker is} 25... Rxe8 26. Qh8+ Ke7 27. Re1+ Qe3 28. Rxe3+ (28. fxe3 Rxh8 29. Ra1 Nc5 $15) 28... Kd8 29. Rxe8#) 26. Kc1 {Threatening mate with Qh8+.} Qa3+ 27. Kc2 {Intending Qh8+ and mate.} Qa2+ {[%mdl 64] Double Attack} ({Inferior is} 27... Rxe8 28. Qh8+ Ke7 29. Re1+ Qe3 30. Rxe3+ (30. fxe3 Rxh8 31. Ra1 Nc5 $15) 30... Kd8 31. Rxe8#) 28. Kc1 {A rather calm draw.  Weighted Error Value: White=0.00/Black=0.00} 1/2-1/2

[Event "FIDE Candidates 2020"]
[Site "Yekaterinburg"]
[Date "2021.04.19"]
[Round "8.3"]
[White "Nepomniachtchi, Ian"]
[Black "Giri, Anish"]
[Result "1/2-1/2"]
[WhiteElo "2789"]
[BlackElo "2776"]
[Annotator "TA"]
[PlyCount "55"]
[EventDate "2020.03.17"]
[EventType "tourn"]
[EventCountry "RUS"]
[SourceTitle "playchess.com"]
[Source "ChessBase"]
[SourceQuality "1"]

{[%evp 24,55,31,14,12,17,7,0,0,0,0,0,0,0,14,16,19,0,0,0,2,0,12,13,14,15,16,14,23,0,23,0,31,0]} 1. e4 c5 2. Nf3 Nc6 3. d4 cxd4 4. Nxd4 Nf6 5. Nc3 e5 6. Ndb5 d6 7. Bg5 a6 8. Na3 b5 9. Nd5 Be7 10. Bxf6 Bxf6 11. c3 Rb8 12. Nc2 Bg5 13. g3 O-O {B33: Sicilian: Pelikan and Sveshnikov Variations.} 14. h4 $1 {[%mdl 4] is more profitable than 14.Bg2 at the moment.} Bh6 15. a3 a5 {[#] The position is equal.} 16. Qd3 $146 ({Predecessor:} 16. Bg2 Ne7 17. Nce3 Bxe3 18. Nxe3 Be6 19. O-O {½-½ (19) Vitiugov,N (2722)-Sevian,S (2660) chess.com INT 2020}) 16... Ne7 17. Nce3 Bxe3 18. Nxe3 Be6 19. Rd1 Rb6 20. Bh3 Bb3 21. Rd2 Qc7 22. O-O Rfb8 23. Rc1 Rc6 24. Bg4 h6 25. Bd1 Be6 26. Bg4 Bb3 27. Bd1 Be6 28. Bg4 {Not much happened in this game.  Weighted Error Value: White=0.06/Black=0.02} 1/2-1/2

[Event "FIDE Candidates 2020"]
[Site "Yekaterinburg"]
[Date "2021.04.19"]
[Round "8.4"]
[White "Alekseenko, Kirill"]
[Black "Grischuk, Alexander"]
[Result "1-0"]
[WhiteElo "2696"]
[BlackElo "2777"]
[Annotator "TA"]
[PlyCount "147"]
[EventDate "2020.03.17"]
[EventType "tourn"]
[EventCountry "RUS"]
[SourceTitle "playchess.com"]
[Source "ChessBase"]
[SourceQuality "1"]

{[%evp 20,147,12,11,13,15,29,21,29,38,12,11,31,33,31,18,12,-24,-21,-27,0,0,0,0,-4,-6,0,0,0,-16,-10,-9,-8,-9,-8,-6,-4,-11,-25,-12,-14,-16,0,-20,0,0,0,0,0,-45,0,-70,-73,-66,-66,-64,-39,-47,-10,-12,0,-8,0,0,0,-10,0,-12,-12,-24,-4,-14,0,0,0,0,0,-9,0,0,0,0,0,0,0,0,0,0,8,8,23,0,8,24,28,39,327,70,333,163,87,79,79,79,558,558,526,526,527,506,489,151,151,0,244,0,143,111,956,915,1917,608,1556,1465,29970,29969,29984,29985,29985,29986]} 1. e4 e6 2. d4 d5 3. Nc3 Nf6 4. e5 Nfd7 5. f4 c5 6. Nf3 Nc6 7. Be3 cxd4 8. Nxd4 Qb6 9. Qd2 Qxb2 10. Rb1 Qa3 11. Bb5 {Black must now prevent Rb3.} Nxd4 {C11: French: Classical System: 4 e5 and 4 Bg5 dxe4.} 12. Bxd4 ({But not} 12. Qxd4 a6 $17) 12... a6 {The main line 12...a6 scores better than 12...Bb4.} 13. Bxd7+ Bxd7 {The position is equal.} 14. Rb3 Qe7 15. Rxb7 Qh4+ (15... Rc8 {with more complications.} 16. O-O Qd8 17. Qf2 Rc4 18. Rfb1 Ba3) 16. Qf2 (16. Bf2 {keeps more tension.} Qd8 17. Bb6 Qc8 18. Rc7 Qd8 19. Qd4) 16... Qxf2+ 17. Kxf2 Be7 {[#]} 18. Nd1 $146 ({Predecessor:} 18. Rhb1 Bc8 19. R7b3 O-O 20. Na4 a5 21. Nb6 Ra6 22. Rc3 Rxb6 23. Rxb6 f6 24. Rc7 fxe5 25. Bxe5 Bh4+ 26. g3 Bf6 27. Bxf6 gxf6 28. Rbc6 {1-0 (28) Wang,J (2380)-Zhang,X (2374) China 2016}) 18... Bd8 19. Ne3 Bc6 20. Rb2 O-O 21. Bc5 Re8 22. c4 f6 23. cxd5 exd5 24. Bd6 fxe5 25. fxe5 d4 26. Nf5 d3 27. Ke3 Bb5 28. Ke4 Rc8 29. Nd4 Bc4 30. Rd1 a5 31. a3 g6 32. Rb7 Bf6 33. Nf3 Bg7 34. Ra7 Rcd8 {...Rxd6 is the strong threat.} (34... Bb3 $5 {[%cal Rb3d1]} 35. Rd2 Bc2 $15) 35. Kd4 Bb3 $15 36. Rxg7+ Kxg7 37. Rxd3 a4 38. Nd2 Be6 39. Ne4 $1 Bf5 (39... Ra8 {is interesting.} 40. Nc5 Ra5 41. Kc3 Bb3 42. Rd4 Ra7) 40. Re3 Bxe4 (40... Bc8 {is more complex.} 41. Rc3 Rf8 42. Rc4 Rf1 43. Rxa4 Bf5) 41. Rxe4 $11 {[%mdl 4096] Endgame KRR-KRB} Rf8 42. Ke3 Rfe8 43. Kf4 Ra8 44. Rb4 Ra7 45. Ke4 Kf7 46. Rb6 Rc8 47. Bb4 Rac7 48. Kd5 Rc2 49. e6+ Kf6 {aiming for ...Rd8+.} 50. Rb7 {And now Rf7+ would win.} g5 ({Don't blunder} 50... Rxg2 $2 51. Rf7+ Kg5 52. e7 $18) 51. Rxh7 Rxg2 52. Kd6 Kg6 53. Rh3 g4 54. Re3 {Threatens to win with Kd7.} Rxh2 55. Kd7 Rhh8 {Hoping for ...Rhd8+.} 56. e7 Rce8 57. Bd6 Ra8 $2 {[%mdl 8192]} ({Black should play} 57... Kf5 $1 $14) 58. Bc7 $2 (58. e8=Q+ $18 Raxe8 59. Rxe8 Rxe8 60. Kxe8) 58... Rag8 $2 {[%mdl 8192]} (58... Rh7 $14) 59. Re4 (59. e8=Q+ $142 Rxe8 60. Rxe8 Rxe8 61. Kxe8) 59... Kf5 (59... Kf6 $18) 60. Rf4+ Kg5 61. Rxa4 Kh4 $2 {[%mdl 8192]} (61... Rh7 $16) 62. Re4 $18 Ra8 63. a4 $1 {[%cal Ba3a4,Ba4a5][%mdl 32]} Kg5 64. a5 Rh7 {[#]} 65. Kc6 $2 (65. Kd6 $1 $18 {is the precise move to win.}) 65... Rhh8 $16 66. Kd7 (66. Kb7 $16 g3 67. Re1) 66... Rh7 $18 {[#]} 67. Kc6 (67. Kd6 $1 $18 Rhh8 68. Re1) 67... Rhh8 $16 68. Re3 {[%mdl 1024] White has strong compensation.} Rhe8 $2 {[%mdl 8192]} (68... Kf5 $16 69. Kd7 Rh7 70. Re5+ Kf6) 69. Kd7 $18 Kf6 70. Re6+ (70. Re1 $142 Kf7 71. Re4) 70... Kf7 71. Re4 Kf6 72. Bd8 {White mates.} Kf5 73. Kxe8 Kxe4 74. Kf8 {Weighted Error Value: White=0.19/Black=0.29} 1-0

[Event "FIDE Candidates 2020"]
[Site "Yekaterinburg"]
[Date "2021.04.20"]
[Round "9.1"]
[White "Alekseenko, Kirill"]
[Black "Caruana, Fabiano"]
[Result "1/2-1/2"]
[WhiteElo "2696"]
[BlackElo "2820"]
[Annotator "TA"]
[PlyCount "118"]
[EventDate "2020.03.17"]
[EventType "tourn"]
[EventCountry "RUS"]
[SourceTitle "playchess.com"]
[Source "ChessBase"]
[SourceQuality "1"]

{[%evp 14,118,13,14,14,3,22,7,0,0,0,0,0,0,0,0,0,0,0,0,12,25,12,19,24,11,25,17,15,0,0,-36,-32,-37,-30,-42,-37,-55,-18,-102,-7,-8,0,0,0,-7,0,-19,-22,-11,-8,-8,-8,-8,0,0,0,-8,-8,-8,-9,-13,0,0,0,0,0,0,0,0,0,0,0,0,0,0,0,0,0,0,0,0,0,0,0,0,0,0,0,0,0,0,0,0,0,0,0,0,0,0,0,0,0,0,0,0,0]} 1. e4 e5 2. Nf3 Nc6 3. Bc4 Nf6 4. d3 Bc5 5. c3 h6 6. O-O d6 7. Re1 O-O 8. h3 Bb6 {8...a5 is the modern continuation. C54: Giuoco Piano: 4 c3 Nf6, main lines with 5 d4 and 5 d3.} 9. Nbd2 Ne7 10. d4 Nc6 {[%cal Re5d4]} 11. a4 a5 {[%cal Re5d4] [#]} 12. Ba2 $146 ({Predecessor:} 12. dxe5 Nxe5 13. Nxe5 dxe5 14. Qe2 Qe7 15. Bb3 c6 16. Nc4 Bc7 17. Bc2 Be6 18. b3 {½-½ (35) Xu,Y (2536)-Xiang,Z (2409) Xingtai 2018}) 12... exd4 13. Nc4 dxc3 14. Nxb6 c2 15. Qxc2 cxb6 16. Bd2 Be6 17. Bxe6 fxe6 18. Qb3 Qe8 19. Qxb6 Nd7 20. Qe3 e5 21. Qd3 Qe6 22. Nh4 Nc5 23. Qg3 {With the idea Nf5!} Kh7 24. Rad1 g5 25. Nf3 Rf7 26. Bc1 ({Don't go for} 26. Bxg5 $2 Rg8 $19) (26. Qg4 $11 {keeps the balance.}) 26... Raf8 ({Better is} 26... Nxa4 $17 27. Qg4 Qxg4 28. hxg4 Rd7) 27. Qg4 $11 {Black should prevent Qxe6.The position is equal.} Qxg4 28. hxg4 Rf6 29. Be3 Nxa4 30. Rd5 Nxb2 31. Rc1 R8f7 32. Rc2 Na4 33. Rc4 Nb2 34. Rc2 Na4 {[#] aiming for ...Nb4.} 35. Rc4 Nc5 36. Bxc5 dxc5 37. Rcxc5 Re7 38. Nxe5 Nxe5 39. Rxe5 Rxe5 40. Rxe5 {[%mdl 4096] Endgame KR-KR} Ra6 41. Re7+ Kg6 42. Rxb7 a4 {[#] Strongly threatening ...Kf6.} 43. f3 a3 {( -> ...a2)} 44. Rb1 a2 (44... Kf7 {looks sharper.} 45. Ra1 a2 46. Kf2 Kf6 47. Ke2 Ke5) 45. Ra1 Kf6 {Threatens to win with ...Ke5.} 46. Kf2 Ke5 {Hoping for ...Kd4.} 47. Ke3 Ra8 48. Kd3 Kf4 49. Kc4 Kg3 50. e5 Kxg2 51. e6 Kxf3 52. Kd5 Kxg4 53. e7 Kf3 54. Rxa2 Re8 55. Ke6 (55. Ra3+ {is more complex.} Kf4 56. Kd6 g4 57. Kd7 Rxe7+ 58. Kxe7 g3 59. Ra4+) 55... g4 56. Kf7 Rxe7+ 57. Kxe7 g3 58. Kf6 g2 59. Rxg2 Kxg2 {Weighted Error Value: White=0.06/Black=0.06} 1/2-1/2

[Event "FIDE Candidates 2020"]
[Site "Yekaterinburg"]
[Date "2021.04.20"]
[Round "9.2"]
[White "Grischuk, Alexander"]
[Black "Nepomniachtchi, Ian"]
[Result "1/2-1/2"]
[WhiteElo "2777"]
[BlackElo "2789"]
[Annotator "TA"]
[PlyCount "81"]
[EventDate "2020.03.17"]
[EventType "tourn"]
[EventCountry "RUS"]
[SourceTitle "playchess.com"]
[Source "ChessBase"]
[SourceQuality "1"]

{[%evp 15,81,-10,-12,-35,-17,-67,-57,-57,-45,-50,0,0,0,0,0,0,10,11,15,17,33,8,8,4,29,7,33,0,0,0,0,-13,4,0,0,0,0,-74,0,0,0,0,0,0,0,0,0,0,0,0,16,0,0,0,0,0,0,0,0,0,0,0,0,0,0,0,0,0]} 1. d4 Nf6 2. c4 g6 3. Nc3 d5 4. cxd5 Nxd5 5. e4 Nxc3 6. bxc3 Bg7 7. Nf3 c5 8. Rb1 O-O $1 9. h3 {D85: Exchange Grünfeld: Unusual White 7th moves and lines with 7 Nf3.} (9. Be2 b6 10. O-O Bb7 11. d5 Bxc3 12. h4 Nd7 13. Bf4 Bg7 14. Bc4 Qc8 15. e5 Ba6 16. Qe2 Bxc4 17. Qxc4 Qb7 18. h5 Rae8 19. hxg6 hxg6 20. Ng5 {1-0 (38) Grischuk,A (2766)-Nepomniachtchi,I (2757) chess.com INT 2018}) 9... Nc6 {[%cal Rc5d4]} 10. d5 Bxc3+ 11. Bd2 {Black is slightly better.} Bxd2+ 12. Qxd2 Nd4 (12... Na5 {seems wilder.} 13. Bb5 b6 14. O-O Bd7 15. a4 f6) 13. Nxd4 cxd4 {[#]} 14. Bc4 $146 ({Predecessor:} 14. Qxd4 Qa5+ 15. Qd2 Qxd2+ {½-½ (15) Kock,H (2172)-Lein,M (2007) Arvier 2004}) 14... e5 15. O-O Qd6 16. f4 Rb8 17. fxe5 Qxe5 18. Qf4 Qxf4 19. Rxf4 Re8 20. Bb5 Rd8 21. Rbf1 {[%mdl 1024] White has compensation.} Bd7 22. Bc4 Rbc8 23. Bb3 Bb5 24. R1f2 a5 {[#] White must now prevent ...Rc1+.} 25. d6 Bc4 26. Rxf7 (26. Bxc4 $1 $11 Rxc4 27. Rxf7 Rc1+ 28. Kh2 Rxd6 29. e5) 26... Bxb3 ({But not} 26... Rxd6 27. Bxc4 Rxc4 28. Re7 $11) ({Better is} 26... Bxf7 $17 27. Rxf7 a4) 27. axb3 $11 {Threatens to win with d7.The position is equal.} Rxd6 {[%mdl 4096] Endgame aiming for ...d3. KRR-KRR} (27... d3 {feels hotter.} 28. Re7 Rc1+ 29. Kh2 Rxd6 30. Rff7 d2) 28. e5 Rb6 29. Rd7 Rf8 {[#] And now ...Rxf2 would win.} 30. Ra2 Rxb3 31. Rxa5 Re3 32. Rb5 Re1+ 33. Kh2 Rf7 34. Rbxb7 Rxd7 35. Rxd7 Rxe5 36. Rxd4 {KR-KR} Re7 37. Kg1 Kg7 38. Kh2 Rf7 39. Kg1 Re7 40. Kh2 Rf7 41. Re4 {Weighted Error Value: White=0.10/Black=0.09} 1/2-1/2

[Event "FIDE Candidates 2020"]
[Site "Yekaterinburg"]
[Date "2021.04.20"]
[Round "9.3"]
[White "Giri, Anish"]
[Black "Wang, Hao"]
[Result "1-0"]
[WhiteElo "2776"]
[BlackElo "2763"]
[Annotator "TA"]
[PlyCount "77"]
[EventDate "2020.03.17"]
[EventType "tourn"]
[EventCountry "RUS"]
[SourceTitle "playchess.com"]
[Source "ChessBase"]
[SourceQuality "1"]

{[%evp 18,77,14,15,14,-10,-9,-9,-3,-10,-10,-16,-17,-13,0,-16,-16,-16,24,30,37,39,66,48,47,47,52,49,77,74,75,72,70,19,23,20,48,25,132,129,132,121,128,127,135,118,116,95,95,18,106,126,595,590,581,577,513,287,805,805,1439,1299]} 1. d4 Nf6 2. c4 e6 3. Nf3 d5 4. g3 Be7 5. Bg2 O-O 6. O-O dxc4 7. Qc2 a6 8. a4 Bd7 9. Qxc4 Bc6 10. Bf4 Bd6 {E05: Open Catalan: 5 Nf3 Be7.} 11. Nc3 Bxf4 12. gxf4 a5 {The position is equal.} 13. e3 Na6 14. Ne5 Bxg2 15. Kxg2 c6 {[#]} 16. h3 $146 ({Predecessor:} 16. Rfd1 Qe7 17. Rac1 Rfd8 18. Qb3 Nb4 19. Na2 Nbd5 20. Qc2 Ne8 21. Qd2 Nd6 22. Qe2 {1-0 (49) Akeya Price,R (1880)-Persson,A (2112) Hastings 2019}) 16... Qb6 17. Qe2 c5 18. Rfd1 cxd4 19. Rxd4 Rad8 20. Rxd8 Qxd8 21. Rd1 Qa8 22. Kg1 Nb4 23. Qb5 Nbd5 24. Nxd5 Nxd5 25. Rc1 (25. Nc4 $14) 25... h6 $11 26. Qd7 Nf6 27. Qd6 g6 (27... Qe8 $1 $11 {remains equal.}) 28. b3 $16 h5 29. Kh2 Kg7 30. Qd4 $36 {[%mdl 2048] And now Nd7 would win. Keeping Black busy.} Rd8 31. Qb2 Qb8 32. b4 axb4 33. Rc4 (33. Qxb4 $16 {Threatens to win with Qe7!} Nd5 34. Qb1) 33... b3 {[#]} (33... Rd1 $11 {keeps the balance.}) 34. Rb4 $1 {[%cal Rb4b3]} Qa7 $2 {[%mdl 8192] Black cannot hold the game after this.} (34... Qd6 $16 35. Rxb3 (35. Rxb7 Qd2 $14) 35... Qd1) 35. Rxb3 $18 Qxa4 36. Rxb7 Qe8 37. Ra7 Rd5 $2 {[#]} (37... Qf8 38. Nxf7 Qxf7 39. Rxf7+ Kxf7) 38. Qb7 Ne4 39. Nxf7 {Weighted Error Value: White=0.18/Black=0.46} 1-0

[Event "FIDE Candidates 2020"]
[Site "Yekaterinburg"]
[Date "2021.04.20"]
[Round "9.4"]
[White "Ding, Liren"]
[Black "Vachier-Lagrave, Maxime"]
[Result "1/2-1/2"]
[WhiteElo "2791"]
[BlackElo "2758"]
[Annotator "TA"]
[PlyCount "175"]
[EventDate "2020.03.17"]
[EventType "tourn"]
[EventCountry "RUS"]
[SourceTitle "playchess.com"]
[Source "ChessBase"]
[SourceQuality "1"]

{[%evp 9,175,18,20,18,28,33,27,25,19,8,19,11,12,0,7,0,0,0,0,0,25,0,0,0,79,91,99,77,94,99,94,95,98,98,100,98,100,92,92,94,100,95,91,90,153,158,175,168,343,345,344,349,334,186,195,202,190,187,197,193,187,165,315,216,174,133,127,141,127,141,159,154,159,141,120,40,68,40,40,40,40,39,40,40,40,40,43,40,40,0,45,0,40,40,40,18,40,40,40,0,18,0,40,40,40,40,47,74,79,0,47,0,68,40,45,18,20,45,45,0,0,0,0,0,0,0,8,8,8,8,8,8,8,8,8,0,0,0,8,0,0,0,0,0,0,0,0,0,0,0,0,0,0,0,0,0,0,0,0,0,0,0,0,0,0,0,0,0]} 1. d4 Nf6 2. c4 g6 3. h4 Bg7 4. Nc3 c5 5. d5 d6 6. e4 {E60: King's Indian: Unusual lines and Fianchetto Variation without Nc3.} e6 7. Be2 exd5 8. exd5 {White has an edge.} Nbd7 {[#]} 9. Nf3 $146 ({Predecessor:} 9. h5 O-O 10. Bf4 Re8 11. Bxd6 Qb6 12. Nb5 a6 13. Bc7 axb5 14. Bxb6 Nxb6 15. hxg6 hxg6 {0-1 (24) Borsuk,K (2401)-Janaszak,D (2348) chess.com INT 2020}) 9... Ng4 10. h5 Qe7 11. Bg5 (11. O-O {keeps more tension.} O-O 12. hxg6 hxg6 13. Bg5 f6 14. Bf4) 11... Bxc3+ 12. bxc3 f6 13. Bd2 g5 14. O-O $36 {[%mdl 2048] Black should prevent Nxg5. White is more active.} Nge5 15. Nd4 cxd4 16. cxd4 O-O 17. dxe5 $16 fxe5 18. Be3 b6 19. a4 {[%cal Ba2a4,Ba4a5][%mdl 32]} Nc5 20. a5 Rb8 21. Ra3 h6 22. Qd2 Bf5 23. axb6 axb6 24. Rfa1 Rb7 25. Qd1 Kg7 26. R1a2 Ne4 ({Black should play} 26... Qc7) 27. Bd3 {Black must now prevent Qc2.} Qf7 28. Rb2 Nc5 $2 (28... Bh7 {was worth a try.} 29. Rab3 Nf6) 29. Bxf5 $18 Qxf5 30. Bxc5 dxc5 31. Qe2 (31. Rf3 $142 Qd7 32. Rxf8 Kxf8 33. Qb1) 31... e4 32. Re3 Re8 33. Rb5 Qe5 34. g3 Qd4 35. Rb1 Rf7 (35... b5 $142 36. Qa2 (36. cxb5 Qxd5 37. Qc2 c4 $16) (36. Rxb5 Rxb5 37. cxb5 Qxd5 $16) 36... Rf7) 36. Rd1 Qf6 37. d6 Re6 38. d7 Rd6 39. Rxd6 ({Don't play} 39. Rxe4 $6 Rxd1+ 40. Qxd1 Qxf2+ 41. Kh1 Qxg3 $11) 39... Qxd6 40. Rxe4 Rxd7 $16 {[%mdl 4096] Endgame [#] KQR-KQR} 41. Kg2 $1 Qc6 42. Kh2 (42. f3 $16) 42... Qf6 43. Kh3 Qf5+ 44. g4 Qf6 45. Re5 (45. Qe3 {is more complex.} Qc6 46. f3 Rf7 47. Kg2 Rf6 48. Re5) 45... Qd6 46. Kg2 Qc6+ 47. f3 Qd6 48. Qe4 Ra7 49. Qe2 (49. Kh3 {is interesting.} Rf7 50. Rd5 Qf6 51. Kg2 Re7 52. Qc2) 49... Rd7 50. Qe4 Ra7 51. Kh3 {Hoping for Re6.} Rf7 52. Re8 (52. Rd5 {looks sharper.} Qf6 53. Kg2 Qb2+ 54. Kg3 Qf6 55. Qf5) 52... Qf6 53. Kg2 {Strongly threatening Re6.} Qb2+ $1 54. Kh3 {[%csl Gh5][%cal Re4g6]} Qf6 55. Kg2 (55. Kg3 {feels hotter.} Qf4+ 56. Qxf4 Rxf4 57. Re7+ Kg8 58. Rb7) 55... Qb2+ $1 56. Kg3 {[%csl Gh5][%cal Re4g6]} Qf6 57. Qd3 Qf4+ 58. Kg2 {[%csl Gh5][%cal Rd3g6]} Qf6 59. Kg3 (59. Kf2 {seems wilder.} Rf8 60. Qd7+ Rf7 61. Qd5 Qb2+ 62. Re2) 59... Qf4+ 60. Kg2 {[%csl Gh5][%cal Rd3g6]} (60. Kf2 $5 {[%cal Rd3g6]} Qh2+ 61. Ke3 Qf4+ 62. Ke2 $16) 60... Qf6 61. Qe2 (61. Qd5 {looks sharper.} Qb2+ 62. Kg3 Qa1 63. Kf2 Qb2+ 64. Re2) 61... Rd7 62. Qe4 {And now Re6 would win.} Rd2+ $1 63. Kh3 Qd6 {[%csl Gd2][%cal Rd6h2]} 64. Re5 (64. Qe7+ {is more complex.} Qxe7 65. Rxe7+ Kg8 66. Re6 Kh7 67. Rxb6 Rc2 68. Kg3) 64... Kf6 $1 {The position is equal.} 65. Rf5+ Kg7 {[%csl Gd2][%cal Rd6h2]} 66. Re5 {aiming for Qb7+.} Kf6 $1 67. Rf5+ Kg7 {[%csl Gd2][%cal Rd6h2]} 68. Qb7+ Kh8 {[%csl Gd2][%cal Rd6h2]} 69. Qa8+ Kg7 {[%csl Gd2][%cal Rd6h2]} 70. Qa7+ Kh8 {[%csl Gd2][%cal Rd6h2]} 71. Qa1+ Kg8 {[%csl Gd2][%cal Rd6h2]} 72. Qa8+ Kg7 {[%csl Gd2][%cal Rd6h2]} 73. Qa1+ (73. Qb7+ {with more complications.}) 73... Kg8 {[%csl Gd2][%cal Rd6h2]} 74. Re5 {Qa8+ is the strong threat.} (74. Qe5 {keeps more tension.} Qxe5 75. Rxe5 Kf7 76. Re3 Rc2 77. Rb3) 74... Qf8 {[%cal Rf8f3]} 75. Qa3 Rf2 76. Kg3 Qf4+ 77. Kxf2 {Intending Qa8+ and mate.} Qxe5 $11 {KQ-KQ} 78. Qa8+ Kf7 79. Qb7+ (79. Qe4 {feels hotter.} Qd4+ 80. Ke2 Qxe4+ 81. fxe4 Ke6 82. Kd3) 79... Kf8 $1 80. Qc8+ Ke7 81. Qb7+ {[%mdl 64] [#] Double Attack} Kf8 82. Qxb6 Qh2+ 83. Kf1 Qh1+ 84. Ke2 Qg2+ 85. Ke3 Qg1+ 86. Ke2 Qg2+ 87. Ke3 Qg1+ 88. Ke2 {Black escapes into a draw.  Weighted Error Value: White=0.15/Black=0.12} 1/2-1/2